Sams teach yourself Web publishing with HTML and XHTML in 21 days / (Record no. 10352)
[ view plain ]
| 000 -LEADER | |
|---|---|
| fixed length control field | 01473cam a2200349 a 4500 |
| 001 - CONTROL NUMBER | |
| control field | 12193540 |
| 005 - DATE AND TIME OF LATEST TRANSACTION | |
| control field | 20050208102654.0 |
| 008 - FIXED-LENGTH DATA ELEMENTS--GENERAL INFORMATION | |
| fixed length control field | 001003s2001 inua 001 0 eng |
| 010 ## - LIBRARY OF CONGRESS CONTROL NUMBER | |
| LC control number | 00109552 |
| 020 ## - INTERNATIONAL STANDARD BOOK NUMBER | |
| International Standard Book Number | 0672320770 |
| 040 ## - CATALOGING SOURCE | |
| Original cataloging agency | DLC |
| Transcribing agency | DLC |
| Modifying agency | DLC |
| 050 00 - LIBRARY OF CONGRESS CALL NUMBER | |
| Classification number | QA76.76.H94 |
| Item number | L44 2001 |
| 082 00 - DEWEY DECIMAL CLASSIFICATION NUMBER | |
| Classification number | 005.72 |
| Edition number | 21 |
| Item number | LEM |
| 100 1# - MAIN ENTRY--PERSONAL NAME | |
| Personal name | Lemay, Laura. |
| 245 10 - TITLE STATEMENT | |
| Title | Sams teach yourself Web publishing with HTML and XHTML in 21 days / |
| Statement of responsibility, etc | Laura Lemay ; with revisions by Rafe Colburn and Denise Tyler. |
| 246 30 - VARYING FORM OF TITLE | |
| Title proper/short title | Web publishing with HTML and XHTML in 21 days |
| 250 ## - EDITION STATEMENT | |
| Edition statement | 3rd ed. |
| 260 ## - PUBLICATION, DISTRIBUTION, ETC. (IMPRINT) | |
| Place of publication, distribution, etc | Indianapolis, IN : |
| Name of publisher, distributor, etc | Sams, |
| Date of publication, distribution, etc | c2001. |
| 300 ## - PHYSICAL DESCRIPTION | |
| Extent | xxiii, 834 p. : |
| Other physical details | ill. ; |
| Dimensions | 24 cm. |
| 500 ## - GENERAL NOTE | |
| General note | Rev. ed. of: SAMS teach yourself Web Publishing with HTML 4 in 21 days. 1999. |
| 500 ## - GENERAL NOTE | |
| General note | "Covers HTML 4.01 and XHTML 1.0"--Cover. |
| 500 ## - GENERAL NOTE | |
| General note | Includes index. |
| 650 #0 - SUBJECT ADDED ENTRY--TOPICAL TERM | |
| Topical term or geographic name as entry element | HTML (Document markup language) |
| 650 #0 - SUBJECT ADDED ENTRY--TOPICAL TERM | |
| Topical term or geographic name as entry element | Electronic publishing. |
| 650 #0 - SUBJECT ADDED ENTRY--TOPICAL TERM | |
| Topical term or geographic name as entry element | World Wide Web |
| 700 1# - ADDED ENTRY--PERSONAL NAME | |
| Personal name | Colburn, Rafe. |
| 700 1# - ADDED ENTRY--PERSONAL NAME | |
| Personal name | Tyler, Denise. |
| 700 1# - ADDED ENTRY--PERSONAL NAME | |
| Personal name | Lemay, Laura. |
| Title of a work | SAMS teach yourself Web Publishing with HTML 4 in 21 days |
| 942 ## - ADDED ENTRY ELEMENTS (KOHA) | |
| Source of classification or shelving scheme | Dewey Decimal Classification |
| Item type | Book - Borrowing |
| Withdrawn status | Item status | Source of classification or shelving scheme | Damaged status | Not for loan | Vendor | Home library | Current library | Shelving location | Date acquired | Source of acquisition | Cost, normal purchase price | Serial Enumeration / chronology | Total Checkouts | Total Renewals | Full call number | Barcode | Date last seen | Date last borrowed | Koha item type |
|---|---|---|---|---|---|---|---|---|---|---|---|---|---|---|---|---|---|---|---|
| Dewey Decimal Classification | Alahram | Central Library | Central Library | Lower Floor | 21/01/2009 | 206.30 | 6382 | 1 | 3 | 005.72LEM | 000015027 | 15/07/2025 | 15/01/2017 | Book - Borrowing |